Návrh opatrení na optimalizáciu podnikovej kultúry v priemyselnom podniku

Na minha lista:
Detalhes bibliográficos
Autor principal: Szalaiová, Krisztina (Author)
Outros Autores: Vaňová, Jaromíra (Thesis advisor)
Formato: Manuscrito Livro
Idioma:eslovaco
Publicado em: 2017
Assuntos:
Acesso em linha:http://is.stuba.sk/zp/portal_zp.pl?podrobnosti=115295
Tags: Adicionar Tag
Sem tags, seja o primeiro a adicionar uma tag!

MARC

LEADER 00000ntm a22000003a 4500
001 stuzp62285
003 SK-STU
005 20170923210251.0
007 ta
008 150427s2015----xo-----f-mn---000-0-slo-d
040 |a STU  |b slo 
041 0 |a slo 
100 1 |a Szalaiová, Krisztina  |u 064000  |4 aut  |U MTF Materiálovotechnologická fakulta  |T MTF Ústav priemyselného inžinierstva a manažmentu  |X 73584  |U M4000  |Y 84  |7 73584 
242 0 1 |a Proposing measures to optimize corporate culture in industrial plant  |y eng 
245 1 0 |a Návrh opatrení na optimalizáciu podnikovej kultúry v priemyselnom podniku 
260 |c 2017 
650 4 |a podniková kultúra  |2 slo 
650 4 |a zamestnanci  |2 slo 
650 4 |a c2i s. r. o.  |2 slo 
650 4 |a c2i s. r. o.  |2 eng 
650 4 |a employees  |2 eng 
650 4 |a organization culture,  |2 eng 
700 1 |a Vaňová, Jaromíra  |u 064000  |k Z1  |4 ths  |U MTF Materiálovotechnologická fakulta  |T MTF Ústav priemyselného inžinierstva a manažmentu  |X 2877  |U M4000  |Y 84  |7 A000002877 
856 4 |u http://is.stuba.sk/zp/portal_zp.pl?podrobnosti=115295 
996 |c M* BP-8183  |l MMSKP  |s P  |a 0  |w stuzp62285_0001